The law's an apse (Record no. 79437)
[ view plain ]
| 000 -LEADER | |
|---|---|
| fixed length control field | 01448cab a22002535a 4500 |
| 001 - CONTROL NUMBER | |
| control field | L141286 |
| 008 - FIXED-LENGTH DATA ELEMENTS--GENERAL INFORMATION | |
| fixed length control field | 071112e20071026xxk f 000 0 eng d |
| 035 ## - SYSTEM CONTROL NUMBER | |
| System control number | (Sirsi) u141286 |
| 041 0# - LANGUAGE CODE | |
| Language code of text/sound track or separate title | eng |
| 100 1# - MAIN ENTRY--PERSONAL NAME | |
| Personal name | Naylor, James |
| 245 04 - TITLE STATEMENT | |
| Title | The law's an apse |
| 260 ## - PUBLICATION, DISTRIBUTION, ETC. | |
| Date of publication, distribution, etc. | 2007 |
| 490 ## - SERIES STATEMENT | |
| Series statement | Estates Gazette |
| Volume/sequential designation | (2) 26 October 2007, 1500-1501(2) |
| 520 ## - SUMMARY, ETC. | |
| Summary, etc. | Describes Chancel Repair Liability (CRL) and argues that it is arcane in nature and should be abolished. CRL is a liability to repair church chancels when land is purchased from the Church of England. It is enforceable by Parochial Church Councils which are able to instigate proceedings for recovery of repair money. Uncertainty surrounding the issue renders a number of homes unsellable. There are some 5 200 CRLs affecting over 4 000 private landowners. They are not capped and it is often difficult to establish their extent. Insurance is one solution, since recent legislation provides little protection from CRL litigation. |
| 590 ## - LOCAL NOTE (RLIN) | |
| Local note | KA |
| 650 24 - SUBJECT ADDED ENTRY--TOPICAL TERM | |
| Topical term or geographic name entry element | PAROCHIAL CHURCH COUNCIL OF THE PARISH OF ASTON CANTLOW AND WILMCOTE WITH BILLESLEY WARWICKSHIRE V WALLBANK |
| 650 24 - SUBJECT ADDED ENTRY--TOPICAL TERM | |
| Topical term or geographic name entry element | HUMAN RIGHTS ACT 1998 |
| 650 24 - SUBJECT ADDED ENTRY--TOPICAL TERM | |
| Topical term or geographic name entry element | CHANCEL REPAIRS ACT 1932 |
| 650 24 - SUBJECT ADDED ENTRY--TOPICAL TERM | |
| Topical term or geographic name entry element | HOME INFORMATION PACK (NO.2) REGULATIONS 2007 |
| 650 24 - SUBJECT ADDED ENTRY--TOPICAL TERM | |
| Topical term or geographic name entry element | LAND REGISTRATION ACT 2002 |
| 651 #4 - SUBJECT ADDED ENTRY--GEOGRAPHIC NAME | |
| Geographic name | United Kingdom |
| Chronological subdivision | |
| 690 ## - LOCAL SUBJECT ADDED ENTRY--TOPICAL TERM (OCLC, RLIN) | |
| Topical term or geographic name as entry element | PROPERTY-OTHER PROPERTY TYPES-RELIGIOUS PROPERTY-CHURCH AND CHAPEL PROPERTY |
| 942 ## - ADDED ENTRY ELEMENTS (KOHA) | |
| Suppress in OPAC | 0 |
| Withdrawn status | Lost status | Source of classification or shelving scheme | Damaged status | Not for loan | Home library | Current library | Shelving location | Date acquired | Total Checkouts | Full call number | Barcode | Date last seen | Copy number | Price effective from | Koha item type |
|---|---|---|---|---|---|---|---|---|---|---|---|---|---|---|---|
| Dewey Decimal Classification | London | London | Journal article | 12/11/2007 | L141286 | 141286-1001 | 06/08/2019 | 1 | 06/08/2019 | Journal article |